Alle Pokemon-Fähigkeiten (1.-8.Gen) - Statistiken

Allgemein
  • Dieses Quiz wurde 534 mal gespielt
  • Das Durchschnittsergebnis liegt bei 111 aus 260
Antwortstatistiken
Anzahl Fähigkeit % Korrekt
32 Bedroher
91%
36 Schwebe
91%
41 Robustheit
83%
26 Sturzbach
83%
5 Dürre
82%
27 Erzwinger
82%
26 Großbrand
81%
26 Notdünger
81%
3 Niesel
80%
5 Sandsturm
80%
17 Statik
79%
8 Hagelalarm
77%
20 Flammkörper
75%
23 Feuerfänger
74%
43 Wassertempo
74%
9 Voltabsorber
73%
16 Giftdorn
71%
20 Blitzfänger
69%
35 Chlorophyll
69%
26 H2O-Absorber
69%
12 Temposchub
69%
38 Adlerauge
68%
6 Rauhaut
67%
25 Speckschicht
67%
29 Angsthase
66%
10 Titankiefer
66%
28 Hexaplaga
65%
36 Konzentrator
65%
16 Synchro
65%
22 Adrenalin
63%
16 Neutraltorso
63%
4 Gras-Erzeuger
62%
28 Rohe Gewalt
62%
21 Techniker
62%
15 Eisenfaust
61%
17 Eishaut
61%
13 Hochmut
61%
14 Charmebolzen
60%
9 Sandscharrer
60%
21 Steinhaupt
60%
2 Elektro-Erzeuger
59%
2 Nebel-Erzeuger
59%
11 Sporenwirt
59%
2 Psycho-Erzeuger
57%
6 Kraftkoloss
56%
9 Plus
56%
26 Sandschleier
56%
17 Vegetarier
56%
23 Belebekraft
55%
11 Facettenauge
55%
3 Feenschicht
55%
14 Insomnia
55%
7 Minus
55%
21 Mitnahme
55%
3 Schnarchnase
55%
17 Strolch
55%
13 Tastfluch
55%
17 Überbrückung
54%
3 Eisenstachel
53%
8 Krallenwucht
53%
10 Schildlos
53%
23 Schwebedurch
53%
7 Sturmsog
53%
7 Trockenheit
53%
6 Wegsperre
53%
9 Giftgriff
52%
15 Lärmschutz
52%
7 Wolke Sieben
52%
12 Anpassung
51%
3 Ausweglos
51%
1 Dunkelaura
51%
2 Multischuppe
51%
13 Regengenuss
51%
18 Rivalität
51%
25 Schnüffler
51%
4 Wandlungskunst
51%
11 Bestien-Boost
50%
24 Dösigkeit
50%
1 Feenaura
50%
9 Glückspilz
50%
15 Siegeswille
50%
9 Solarkraft
50%
12 Edelmut
49%
16 Innere Kraft
49%
3 Magmapanzer
49%
1 Saumselig
49%
24 Anspannung
48%
1 Delta-Wind
48%
4 Download
48%
1 Endland
48%
9 Redlichkeit
48%
11 Scherenmacht
48%
10 Tollpatsch
48%
9 Umkehrung
48%
1 Urmeer
48%
13 Achtlos
47%
1 Farbwechsel
47%
18 Feuchtigkeit
47%
6 Leichtmetall
47%
15 Munterkeit
47%
17 Superschütze
47%
31 Völlerei
47%
10 Wertelink
47%
14 Schneemantel
46%
20 Floraschild
45%
8 Schwermetall
45%
23 Übereifer
45%
9 Unkenntnis
45%
1 Wunderwache
45%
1 Alptraum
44%
22 Bruchrüstung
44%
15 Felsenfest
44%
14 Flexibilität
44%
9 Kugelsicher
44%
3 Libero
44%
10 Magieschild
44%
13 Rauflust
44%
18 Sandgewalt
44%
4 Felskern
43%
4 Flauschigkeit
43%
11 Heilherz
43%
6 Reiche Ernte
43%
12 Vorahnung
43%
1 Aura-Umkehr
42%
14 Brustbieter
42%
1 Kostümspuk
42%
9 Magiespiegel
42%
25 Panzerhaut
42%
6 Schneescharrer
42%
26 Tempomacher
42%
2 Zenithaut
42%
11 Kampfpanzer
41%
5 Backentaschen
40%
18 Expidermis
40%
22 Hydration
40%
3 Immunität
40%
4 Kloakensoße
40%
9 Magnetfalle
40%
3 Megawumme
40%
2 Schwächling
40%
1 Taktikwechsel
40%
24 Telepathie
40%
1 Teravolt
40%
5 Wankelmut
40%
2 Zähigkeit
40%
3 Aufheber
39%
14 Entlastung
39%
2 Fellkleid
39%
8 Finalschlag
39%
1 Turbobrand
39%
9 Unbeugsamkeit
39%
2 Mumie
38%
3 Orkanschwingen
38%
8 Erleuchtung
37%
8 Fußangel
37%
9 Kurzschluss
37%
1 Klimaschutz
36%
1 Rückzug
36%
2 Trugbild
36%
5 Zauberer
36%
11 Aquahülle
35%
1 Doppelgänger
35%
9 Duftnote
35%
2 Korrosion
35%
11 Puderabwehr
35%
4 Starthilfe
35%
1 Variabilität
35%
12 Analyse
34%
6 Erfassen
34%
3 Filter
34%
7 Gefühlswippe
34%
1 Kühnes Schwert
34%
3 Mentalkraft
34%
1 Wackerer Schild
34%
1 Familienbande
33%
15 Frühwecker
33%
1 Giftwahn
33%
10 Langfinger
33%
1 Majestät
33%
3 Notschutz
33%
1 Alpha-System
32%
1 Dauerschlaf
32%
3 Hitzeschutz
32%
8 Klebekörper
32%
20 Partikelschutz
32%
1 Prismarüstung
32%
1 Stahlprofi
32%
3 Viskosität
32%
14 Rasanz
31%
1 Tänzer
31%
1 Wutausbruch
31%
9 Aufwertung
30%
3 Dampfantrieb
30%
1 Fischschwarm
30%
3 Frostschicht
30%
1 Metallprotektor
30%
1 Punk Rock
30%
2 Wasserblase
30%
15 Hasenfuß
29%
1 Magenkrempler
29%
1 Reißaus
29%
5 Saugnapf
29%
1 Seelenherz
29%
1 Affenfokus
28%
1 Limitschild
28%
1 Phantomschutz
28%
3 Plätscherstimme
28%
1 Prognose
28%
3 Reaktionsgas
28%
2 Hitzewahn
27%
2 Quälerei
27%
1 Spiegelrüstung
27%
1 Buntkörper
26%
1 Freundschaftsakt
26%
3 Langstrecke
26%
4 Pulverrauch
26%
1 Scharwandel
26%
9 Zuckerhülle
26%
3 Elektrohaut
25%
8 Freundeshut
25%
2 Rastlose Seele
25%
4 Blütenhülle
24%
1 Heilwandel
24%
2 Lockenkopf
24%
1 Receiver
24%
1 Triumphstern
24%
5 Wunderhaut
24%
1 Würggeschoss
24%
1 Zeitspiel
24%
2 Eisflügelstaub
23%
1 Tiefkühlkopf
23%
2 Trance-Modus
23%
6 Vorwarnung
23%
4 Dufthülle
22%
1 Heißhunger
22%
2 Regulierung
22%
1 Stahlrückgrat
22%
4 Honigmaul
21%
1 Verborgene Faust
21%
2 Chemiekraft
20%
1 Pflanzengabe
20%
2 Pflanzenpelz
20%
1 Surf-Schweif
20%
2 Verklumpen
20%
2 Schraubflosse
19%
1 Zerebralmacht
19%
2 Hemmungslos
18%
3 Heranreifen
18%
2 Sandspeier
18%
1 Schnellschuss
18%
1 Apport
17%
4 Beschattung
17%
1 Kraftquelle
17%
4 Nutznießer
17%
2 Pastellhülle
16%
2 Wollflaum
16%
1 Batterie
15%
1 Mimese
15%
1 Unheilskörper
14%
1 Stählerner Wille
13%
Keine übereinstimmenden Quizze gefunden
Verteilung der Resultate
Anzahl Personen mit jedem Resultat
Perzentil nach korrekt beantworteten Fragen
Ihre Resultats-Entwicklung
Sie haben dieses Quiz noch nicht gespielt